| 000 | 00620nam a2200205Ia 4500 | ||
|---|---|---|---|
| 003 | GCL | ||
| 008 | 140319s9999 xx 000 0 ara d | ||
| 040 |
_aGCL / _cGCL |
||
| 082 | 0 | 4 |
_a320.5 _bم ا |
| 100 | 1 | _aماندل , ارنست | |
| 245 | 1 | 0 |
_aالاتحاد السوفيتىفى ظل غورباتشيف / _cماندل , ارنست |
| 700 | 1 | _aبولا الخورى | |
| 260 |
_a[S.N] : _bدار الواحة ، _c1991 |
||
| 300 | _a445 ص | ||
| 490 | _a | ||
| 650 | 0 | 4 | _aالاتحاد السوفيتى |
| 650 | 0 | 4 | _aالاشتراكية |
| 650 | 0 | 4 | _aالاحوال الاقتصادية |
| 942 |
_2ddc _cBK |
||
| 999 |
_c31010 _d31010 |
||